| 000 | 00534 a2200181 4500 | ||
|---|---|---|---|
| 003 | OSt | ||
| 005 | 20240823114944.0 | ||
| 008 | 240127b |||||||| |||| 00| 0 eng d | ||
| 020 | _a9789387961906 | ||
| 040 | _coclc | ||
| 082 |
_a892.71 _bKAT/I |
||
| 100 |
_aKattayad, Mammootty _910316 |
||
| 245 |
_aImrul Qaisinte Muallaqa= Muallaqa of Imrul Qais / _cMammootty Kattayad |
||
| 250 | _a1st ed. | ||
| 260 |
_aCalicut: _bIPB Books, _c2019. |
||
| 300 | _a174p. | ||
| 942 |
_2ddc _cBK _h892.71 _iKAT/I _k892.71 _mKAT/I |
||
| 999 |
_c43311 _d43311 |
||